(Ne)romantická dovolená :

Uloženo v:
Hlavní autor: MacLeod, Phoebe (Autor)
Další autoři: Richter, Martin (Autor)
Médium: Kniha
Jazyk:Czech
Vydáno: Brno : Kazda, 2026
Vydání:1. vydání
Témata:
Celkem bylo vypůjčeno:0x
Tagy:
Žádné tagy
LEADER 01532nam a2200445 i 4500
001 106689
003 CZ PrNK
005 20260701105648.0
007 ta
008 260625s2026 xr g 000 f cze
015 |a cnb003766152 
020 |a 9788076702219  |q (brožováno) 
040 |a ABG001  |b cze  |d BOA001  |e rda 
041 1 |a cze  |h eng 
072 7 |a 821.111-3  |x Anglická próza, anglicky psaná  |2 Konspekt  |9 25 
080 |a 821.111-31  |2 MRF 
080 |a (0:82-312.5)  |2 MRF 
100 1 |a MacLeod, Phoebe  |7 xx0334903  |4 aut  |9 116522 
240 1 0 |a Un-romantic comedy.  |l Česky 
245 1 0 |a (Ne)romantická dovolená :  |c Phoebe MacLeod ; překlad: Martin Richter 
246 3 |a Romantická dovolená 
246 3 |a Neromantická dovolená 
250 |a 1. vydání 
264 1 |a Brno :  |b Kazda,  |c 2026 
300 |a 261 stran ;  |c 20 cm 
336 |a text  |b txt  |2 rdacontent 
337 |a bez média  |b n  |2 rdamedia 
338 |a svazek  |b nc  |2 rdacarrier 
500 |a Přeloženo z angličtiny 
655 7 |a anglické romány  |7 fd131814  |2 czenas  |9 53421 
655 7 |a milostné romány  |7 fd132840  |2 czenas  |9 53718 
655 9 |a English fiction  |2 eczenas 
655 9 |a love novels  |2 eczenas 
700 1 |a Richter, Martin  |7 xx0218936  |4 trl  |9 114220 
710 2 |a Nakladatelství Kazda  |7 xx0259526  |4 pbl  |9 117285 
765 1 |t (Un)romantic comedy 
910 |a UOG502 
942 |2 ddc  |c KN 
999 |d 106689 
993 |0 0  |1 421180107414  |2 ddc  |4 0  |7 0  |9 100192  |b 0  |c 107414  |d 2026-07-01  |e 0  |f DOSP  |h 399.00  |i Koupě  |l DOSP  |r 2026-07-02  |t 6  |w 2026-07-01  |y KN  |z BELET  |n